000 00277nam a22001217a 4500
008 170428b xxu||||| |||| 00| 0 eng d
041 _aeng
080 _a343.9
100 _a13
101 _aSHJ
245 _aCOURTS OF TERROR TELFORD TAYLOR
_cTAYLOR.T
942 _2udc
_cBK
999 _c12310
_d12310